Вып. 79 : Численные методы решения краевых задач; Вопросы вычислительной и прикладной математики

Opis bibliograficzny
Parent link:Вопросы вычислительной и прикладной математики: [сборник научных трудов]/ Академия наук Узбекской ССР (АН УзССР), Институт кибернетики. Вып. 79 : Численные методы решения краевых задач.— , 1970-1990
Język:rosyjski
Wydane: 1985
Hasła przedmiotowe:
Format: Książka
KOHA link:https://koha.lib.tpu.ru/cgi-bin/koha/opac-detail.pl?biblionumber=275251

MARC

LEADER 00000nam2a2200000 4500
001 275251
005 20231101234815.0
035 |a (RuTPU)RU\TPU\book\298484 
090 |a 275251 
100 |a 20141112d1985 k y0rusy5003 ca 
101 0 |a rus 
102 |a UZ 
105 |a a z 001zy 
200 0 |a Вып. 79 : Численные методы решения краевых задач 
210 |d 1985 
215 |d 20 см  |a 141 с.  |c ил. 
320 |a Библиография в конце статей 
461 1 |0 (RuTPU)RU\TPU\book\172720  |t Вопросы вычислительной и прикладной математики  |o [сборник научных трудов]  |f Академия наук Узбекской ССР (АН УзССР), Институт кибернетики  |v Вып. 79 : Численные методы решения краевых задач  |d 1970-1990 
606 1 |a Вычислительная математика  |2 stltpush  |3 (RuTPU)RU\TPU\subj\4022  |9 32338 
606 1 |a Математика прикладная  |2 stltpush  |3 (RuTPU)RU\TPU\subj\53312  |9 71627 
610 1 |a краевые задачи 
610 1 |a решение 
610 1 |a численные методы 
610 1 |a электронная вычислительная техника 
610 1 |a композитные материалы 
610 1 |a полимеры 
610 1 |a алгоритмизация 
610 1 |a атмосфера 
610 1 |a конечно-разностные модели 
610 1 |a двумерные задачи 
610 1 |a термовязкоупругость 
610 1 |a примеси 
610 1 |a распространение 
675 |a 519.6  |z rus  |v 4 
675 |a 51-7  |z rus  |v 4 
801 0 |a RU  |b RuMRKP  |c 19950704  |g psbo 
801 1 |a RU  |b 63413507  |c 20141112 
801 2 |a RU  |b 63413507  |c 20170329  |g RCR 
942 |c BK